000 01022 a2200265 4500
003 dpl
005 2011090205175.0
008 110902t xxu||||| |||| 00| 0 eng d
010 _aENG-89230
020 _c395.00
_a818523423X
035 _aEN-72763
035 _aG-001377
037 _bDBAD / PUB
040 _cdpl
082 1 4 _a883.08
100 1 _aSharma ,Krishana
_934161
245 1 _aProtest in post-Independence Indian English fiction/
_cby Krishana Sharma
260 _aJaipur
_bM.R International
_c2007(repr)
270 _ao-16,Malviya Marg
_bJaipur
_e110006
_k2378828
300 _a182.xiii p.
_c22cm.(Hb)
500 _aIncludes bibliographical references
942 _adpl
_cEN
_kSHA
_2ddc
_h883.08
999 _c10318
_d10318